Iniciación a la biblia para seglares / (Record no. 137311)

MARC details
000 -LEADER
campo de control de longitud fija 00594nam a2200193 4500
001 - NÚMERO DE CONTROL
campo de control 137311
003 - IDENTIFICADOR DE NÚMERO DE CONTROL
campo de control ES-MaACL
005 - FECHA Y HORA DE LA ÚLTIMA TRANSACCIÓN
campo de control 20230906195341.0
007 - CAMPO FIJO DE DESCRIPCIÓN FÍSICA--INFORMACIÓN GENERAL
campo de control de longitud fija t|
008 - DATOS DE LONGITUD FIJA--INFORMACIÓN GENERAL
campo de control de longitud fija 070214s1965 sp r ||||1| spa d
100 1# - ENTRADA PRINCIPAL--NOMBRE DE PERSONA
Nombre de persona San Clemente Idiazabal, Jesús.
9 (RLIN) 102230
245 10 - MENCIÓN DEL TÍTULO
Título Iniciación a la biblia para seglares /
Mención de responsabilidad, etc. Jesús San Clemente Idiazabal.
260 ## - PUBLICACIÓN, DISTRIBUCIÓN, ETC.
Lugar de publicación, distribución, etc. Bilbao :
Nombre del editor, distribuidor, etc. Descleé de Brouwer,
Fecha de publicación, distribución, etc. 1965.
300 ## - DESCRIPCIÓN FÍSICA
Extensión 195 p. ;
Dimensiones 19 cm +
Material acompañante/anejo 2 map.
490 1# - MENCIÓN DE SERIE
Mención de serie Col. temas bíblicos
830 0# - PUNTO DE ACCESO ADICIONAL DE SERIE-TÍTULO UNIFORME
Título uniforme Col. temas bíblicos
9 (RLIN) 220071
852 ## - LOCALIZACIÓN
Ubicación ES-MaACL
Número de control de estantería C-28182
Sublocalización o colección R.57484
Holdings
Estatus retirado Estado de pérdida Estado de daño No para préstamo Biblioteca de origen Biblioteca actual Ubicación en estantería Fecha de adquisición Fuente de adquisición Total de préstamos Signatura topográfica completa Código de barras Visto por última vez Precio de reemplazo Tipo de ítem Koha
        Biblioteca del Ateneo de Madrid Biblioteca del Ateneo de Madrid Depósito 2 17/01/2008     C-28182 1142891 23/02/2023 23/02/2023 Libro impreso